Tribhuvan University Central Library

श्रम- संसारका बाह्र वर्ष (Record no. 112367)

MARC details
000 -LEADER
fixed length control field 00931nam a22002177a 4500
008 - FIXED-LENGTH DATA ELEMENTS--GENERAL INFORMATION
fixed length control field 240305b |||||||| |||| 00| 0 eng d
020 ## - INTERNATIONAL STANDARD BOOK NUMBER
International Standard Book Number 9789993377184
041 ## - LANGUAGE CODE
Language code of text/sound track or separate title Nep.
082 ## - DEWEY DECIMAL CLASSIFICATION NUMBER
Classification number N321.094/Sr253
241 ## - ROMANIZED TITLE (BK AM CF MP MU VM)
Romanized title Shram- sansaraka barhabarsa/ sampa. Bishnu Rimal...[etal]
245 ## - TITLE STATEMENT
Title श्रम- संसारका बाह्र वर्ष
Statement of responsibility, etc. /सम्पा. विष्णू रिमाल...र[अरुहरु]
260 ## - PUBLICATION, DISTRIBUTION, ETC.
Place of publication, distribution, etc. काठमाडाैंः
Name of publisher, distributor, etc. नेपाल ट्रेड युनियन महासंघ,
Date of publication, distribution, etc. [n.d]
300 ## - PHYSICAL DESCRIPTION
Extent ६८६पृ.
650 ## - SUBJECT ADDED ENTRY--TOPICAL TERM
Topical term or geographic name entry element मजदुर आन्दोलन
700 ## - ADDED ENTRY--PERSONAL NAME
Personal name उपाध्याय, उमेश
700 ## - ADDED ENTRY--PERSONAL NAME
Personal name रिमाल, कविन्द्रशेखर
700 ## - ADDED ENTRY--PERSONAL NAME
Personal name पाण्डे,विन्दा
700 ## - ADDED ENTRY--PERSONAL NAME
Personal name बडाल, रमेश
700 ## - ADDED ENTRY--PERSONAL NAME
Personal name अग्निशिखा
942 ## - ADDED ENTRY ELEMENTS (KOHA)
Source of classification or shelving scheme Dewey Decimal Classification
Koha item type General Collections
Holdings
Withdrawn status Lost status Source of classification or shelving scheme Damaged status Not for loan Home library Current library Shelving location Date acquired Total Checkouts Full call number Barcode Date last seen Price effective from Koha item type
    Dewey Decimal Classification     Tribhuvan University Central Library Tribhuvan University Central Library New Building 03/05/2024   N321.094/Sr253 G93001 03/05/2024 03/05/2024 General Collections